000 00515nam a2200169Ia 4500
999 _c25876
_d25876
003 OSt
005 20210106121513.0
008 190216s9999||||xx |||||||||||||| ||und||
040 _coclc
082 _a894.8128
_bPIL/P
100 _aPillai, N Krishna
_96351
245 0 _aPrathipathram Bhashanabhedam /
_cN Krishna Pillai
260 _bSahithya Pravarthaka Sahakarana Sangam,
_aKottayam:
_c1986.
300 _a439P
650 _aPadanam
942 _cBK
_2ddc
_h894.8128
_iPIL/P
_k894.8128
_mPIL/P